| Поле | Инд. | ПП | Название | Значение |
|---|---|---|---|---|
| Тип записи | a | |||
| Библиографический уровень | b | |||
| 001 | Контрольный номер | RU/IS/BASE/440678232 | ||
| 005 | Дата корректировки | 20200630193247.0 | ||
| 008 | Кодируемые данные | 20131218 | ||
| 040 | b | Код языка каталог. | rus | |
| e | Правила каталог. | PSBO | ||
| 041 | 0_ | a | Код языка текста | rus |
| 084 | a | Индекс другой классификации/Индекс ББК | 66.01; 60.001(4Ита)6 | |
| 100 | 1_ | a | Автор | Никандров А. В. |
| q | Полное имя | Никандров Алексей Владимирович | ||
| 245 | 10 | a | Заглавие | Идейные баталии первой половины 50-х годов XX века в Италии: Норберто Боббио и коммунисты в дискуссии о политике и культуре |
| 504 | a | Библиография | Библиогр. - Примеч.: с. 46 - 47 | |
| 520 | 0_ | a | Аннотация | Статья посвящена дискуссиям итальянского ученого в области философии права и политики Норьерто Боббио, приверженца либерального мировоззрения, с теоретиками итальянской компартии и с ее лидером П. Тольятти. Вопросы соотношения политики и культуры, политической роли интеллектуалов в демократическом обществе, политической ангажированности и ответственности интеллектуалов подводят участников диспута к постановке проблемы свободы в сферах политики и культуры. Диалог коммунизма и либерализма в лицах Пальмиро Тольятти и Норберто Боббио представляет собой интереснейшую страницу интеллектуальной истории послевоенной Западной Европы |
| 600 | a | Персоналии | Боббио Норберто | |
| a | Персоналии | Тольятти Пальмиро | ||
| 650 | 14 | a | Основная рубрика | история философии |
| a | Основная рубрика | политика | ||
| a | Основная рубрика | политическая философия (философия политики) | ||
| a | Основная рубрика | социальная философия | ||
| a | Основная рубрика | философия | ||
| 653 | 1_ | a | Ключевые слова | XX век |
| a | Ключевые слова | демократия | ||
| a | Ключевые слова | Италия | ||
| a | Ключевые слова | Итальянская коммунистическая партия | ||
| a | Ключевые слова | культура | ||
| a | Ключевые слова | культурная политика | ||
| a | Ключевые слова | либерализм | ||
| a | Ключевые слова | партийность культуры | ||
| a | Ключевые слова | свобода мнения | ||
| a | Ключевые слова | свобода печати | ||
| a | Ключевые слова | социализм | ||
| 773 | 08 | t | Заглавие источника | Вопросы философии |
| d | Дата издания источника | 2013 | ||
| g | Прочая информация | № 5. - С. 37 - 47 | ||
| w | Контрольный № источника | RU/IS/BASE/424277693 | ||
| 901 | t | Тип документа | b |